000
00341 a2200157 4500
001
11478
020
_a
9788576752295
040
_c
Anchieta - Aquarius
100
_a
Machado, Ana Maria
240
1
0
_a
ABC do Brasil
_l
por
245
1
0
_a
ABC do Brasil
300
_a
47
362
0
_a
2008
650
4
_a
Literatura infanto-juvenil
942
_c
BK
999
_c
11478
_d
11478